000
00345 a2200157 4500
001
59361
020
_a
9788537706824
040
_c
Anchieta - Pituba
100
_a
et.al.
240
1
0
_a
Ciências em cena
_l
por
245
1
0
_a
Ciências em cena
300
_a
356/56
362
0
_a
2008
650
4
_a
Ciências naturais e matemática
942
_c
BK
999
_c
59361
_d
59361